| 000 | 00735nam a2200217Ia 4500 | ||
|---|---|---|---|
| 003 | GCL | ||
| 008 | 140319s9999 xx 000 0 ara d | ||
| 040 |
_aGCL / _cGCL |
||
| 082 | 0 | 4 |
_a398.9 _bخ أ |
| 100 | 1 | _aخليفة بن عبدالله الحميدى | |
| 245 | 1 | 0 |
_aاقوال عمان لكل الازمان / _cخليفة بن عبدالله الحميدى |
| 260 |
_aسلطنة عمان : _bمكتبة المنتدى الادبى ، _c1986 |
||
| 300 |
_a366ص ؛ _c24سم |
||
| 490 | _a | ||
| 650 | 0 | 4 | _aالامثال العامية العربية |
| 650 | 0 | 4 | _aالامثال العامية |
| 650 | 0 | 4 | _aالامثال |
| 650 | 0 | 4 | _aسلطنة عمان |
| 650 | 0 | 4 | _aالامثال الشعبية |
| 942 |
_2ddc _cBK |
||
| 999 |
_c31619 _d31619 |
||